Central Library OPAC University of Rajshahi

মহাশ্মশান / (Record no. 55188)

MARC details
000 -LEADER
fixed length control field 00783nam a2200241 a 4500
001 - CONTROL NUMBER
control field 55188
003 - CONTROL NUMBER IDENTIFIER
rucl marc code BD-RjUL
005 - DATE AND TIME OF LATEST TRANSACTION
control field 20211209080228.0
008 - FIXED-LENGTH DATA ELEMENTS--GENERAL INFORMATION
fixed length control field 161115s1967 bg ||||| |||| 00| 0 ben d
020 ## - INTERNATIONAL STANDARD BOOK NUMBER
Terms of availability : TK 10.00
035 ## - SYSTEM CONTROL NUMBER
System control number (BD-RjUL)55310
040 ## - CATALOGING SOURCE
Original cataloging agency BD-RjUL
Language of cataloging ben
Transcribing agency BD-RjUL
041 ## - LANGUAGE CODE
Language code of text/sound track or separate title ben
082 ## - DEWEY DECIMAL CLASSIFICATION NUMBER
Edition number 23
Classification number 891.441
Author mark and year KAM 1967
100 ## - MAIN ENTRY--PERSONAL NAME
Personal name কায়কোবাদ
9 (RLIN) 164436
245 10 - TITLE STATEMENT
Title মহাশ্মশান /
Statement of responsibility, etc. কায়কোবাদ
250 ## - EDITION STATEMENT
Edition statement ৫ম সং .
260 ## - PUBLICATION, DISTRIBUTION, ETC. (IMPRINT)
Place of publication, distribution, etc. ঢাকা :
Name of publisher, distributor, etc. ষ্টুডেন্ট ওয়েজ,
Date of publication, distribution, etc. ১৯৬৭
300 ## - PHYSICAL DESCRIPTION
Pagination [৪০], ৩৪৬ পৃ. ;
Size ২৩ সেমি .
650 ## - SUBJECT ADDED ENTRY--TOPICAL TERM
Topical term or geographic name as entry element বাংলা কবিতা
9 (RLIN) 164437
Topical term or geographic name as entry element Bengali Poetry
9 (RLIN) 164438
942 ## - ADDED ENTRY ELEMENTS (KOHA)
Source of classification or shelving scheme Dewey Decimal Classification
Koha item type Books
Holdings
Lost status Source of classification or shelving scheme Damaged status Not for loan Collection code Permanent Location Current Location Shelving location Date acquired Source of acquisition Cost, normal purchase price Total Checkouts Total Renewals Full call number Date last seen Date checked out Copy number Koha item type
  Dewey Decimal Classification     Non-fiction Central Library, University of Rajshahi Central Library, University of Rajshahi   01/06/1968 Nawroge kitabstan, Dhaka 10.00 1 1 B 891.441 KAM 1967 08/03/2021 04/02/2020 C-2 Books
  Dewey Decimal Classification     Non-fiction Central Library, University of Rajshahi Central Library, University of Rajshahi   10/07/1990 Professor Shawkat Osman 0.00     B 891.441 KAM 1967 27/11/2016   C-3 Books
  Dewey Decimal Classification     Non-fiction Central Library, University of Rajshahi Central Library, University of Rajshahi   01/06/1968 Nowroze kitobistan, Dhaka 10.00 2   B 891.441 KAM 1967 27/03/2023 21/03/2023 C-4 Books